| 000 | 00754cam a22002651 4500 | ||
|---|---|---|---|
| 001 | 30565 | ||
| 003 | BD-RjUL | ||
| 005 | 20211209051601.0 | ||
| 008 | 140410s1958 ua 000 0beng | ||
| 035 | _a(BD-RjUL)30651 | ||
| 040 |
_aDLC _cDLC _dDLC _beng |
||
| 041 | _aeng | ||
| 082 |
_a181.947 _bAML 1958 |
||
| 100 | 1 |
_aAmin, Osman _d1905- _992860 |
|
| 245 | 1 | 0 |
_aLights on contemporary Moslem philosophy / _cby Osman Amin. |
| 260 |
_aCairo : _bRenaissance Bookshop, _c1958 |
||
| 300 |
_a190 p. ; _c20 cm. |
||
| 500 | _aHalf title: Moslem philosophy. | ||
| 500 | _aEssays. | ||
| 504 | _aIncludes bibliographies. | ||
| 650 | 0 |
_aIslamic philosophy. _93905 _y20th century. |
|
| 740 | 0 | _aMoslem philosophy. | |
| 942 |
_2ddc _cBK |
||
| 999 |
_c30565 _d30565 |
||